Sports Quiz

Random Sports or Soccer Quiz
Score 0/20 Timer 08:00
0 Plays Today
Wikipedia Extract Footballer % Correct
This meant he reached a century of goals one game quicker than his first strike partner, Ian Rush, in just 165 games.Robbie Fowler
81.7%
It was at Chelsea that [player] formed a formidable partnership with Frank Leboeuf.Marcel Desailly
80.1%
In all, he has been sent off twelve times in his career: nine times with Arsenal and once each with Juventus, France and Internazionale.Patrick Vieira
79.5%
During some of the games for Lazio, [player] made a fascist salute to the right-wing fans.Paolo Di Canio
77.9%
[Player] quit the Welsh national side in September 2004 to take charge of Blackburn Rovers in the FA Premier League, the last club he had played for.Mark Hughes
75.1%
In 1999, he was named PFA Players' Player of the Year and FWA Footballer of the Year, while playing for Tottenham Hotspur.David Ginola
72.1%
His excellent goalkeeping wasn't quite enough to win Blackburn the Premier League title that season, but they did finish second to Manchester United[...]Tim Flowers
70.7%
[Player] became a star player for Leeds and was nicknamed 'The Chief' or 'Rhoo' by its fans partly due to his previous club and partly his absolute rule in defence.Lucas Radebe
69%
[Player] is the only player in history to have scored in each of the Glasgow, Merseyside and Manchester local derbies.Andrei Kanchelskis
63.3%
He was the first midfielder to score 100 goals in the Premier League. He is notable for his record at scoring penalty kicks, converting from the spot 48 times from 49 attempts.Matthew Le Tissier
63.3%
Wikipedia Extract Footballer % Correct
[Player] joined Everton in 1981 and went on to make a club record 578 appearances in the Football League and Premier League.Neville Southall
59.4%
Ferguson expressed that the biggest disappointment in his managerial career was 'not getting [player]'Paul 'Gazza' Gascoigne
55.5%
Known for his speed, [player's] nicknames included 'the Roadrunner' or its famous sound 'meep-meep'.Marc Overmars
53.3%
He is known for his stepovers, skill, technique, and being 'so good that they named him twice'.Jay-Jay Okocha
53.3%
[Player] scored his first goal for Charlton against his old team Chelsea at Stamford Bridge on 9 September 2006, but he did not celebrate out of respect for the fans.Jimmy Floyd Hasselbaink
52.6%
Jürgen Klinsmann, who partnered [player] during the 1994–95 season, was later quoted as claiming that [player] was the most intelligent strike partner he had ever had.Teddy Sheringham
51.1%
He famously scored in the final of Euro 1996 from the penalty spot to give Czech Republic a 1–0 lead.Patrik Berger
49.1%
'Weah' told Souness that [player] was his cousin, had played for Paris Saint-Germain and had played 13 times for his country.The legend that is Ali Dia
44.3%
In November 2009 he was announced as manager of the Georgian national side, which he represented 49 times as a player.Temuri Ketsbaia
36.9%
He was the first Norwegian to win the FA Cup when he won it with Spurs in 1991. [Player] retired in 1996 due to back injuries.Erik Thorstvedt
31.7%
Remove Ads.
Support Sporcle.
Get the best of Sporcle when you Go Orange. This ad-free experience offers more features, more stats, and more fun while also helping to support Sporcle. Thank you for becoming a member.

You're not logged in!

Compare scores with friends on all Sporcle quizzes.
OR
Log In

Show Comments

Extras

Top Quizzes Today


Score Distribution

Your Account Isn't Verified!

In order to create a playlist on Sporcle, you need to verify the email address you used during registration. Go to your Sporcle Settings to finish the process.

Report this User

Report this user for behavior that violates our Community Guidelines.

Details: